000
00342 a2200157 4500
001
44190
020
_a
8572080848
040
_c
Anchieta - Aquarius
100
_a
Azevedo, Ricardo
240
1
0
_a
O livro das palavras
_l
por
245
1
0
_a
O livro das palavras
300
_a
33
362
0
_a
1993
650
4
_a
Literatura juvenil
942
_c
BK
999
_c
44190
_d
44190